Ikea Headquarters, Mumbai (Record no. 362120)
[ view plain ]
| 000 -LEADER | |
|---|---|
| fixed length control field | 00278nam a2200097Ia 4500 |
| 008 - FIXED-LENGTH DATA ELEMENTS--GENERAL INFORMATION | |
| fixed length control field | 241105s9999 xx 000 0 und d |
| 041 ## - LANGUAGE CODE | |
| Language code of text/sound track or separate title | eng |
| 100 ## - MAIN ENTRY--PERSONAL NAME | |
| Personal name | Chaudhari Janhavi |
| 9 (RLIN) | 182988 |
| 245 ## - TITLE STATEMENT | |
| Title | Ikea Headquarters, Mumbai |
| 260 ## - PUBLICATION, DISTRIBUTION, ETC. (IMPRINT) | |
| Name of publisher, distributor, etc. | BNCA M.Arch. Landscape Architecture |
| Place of publication, distribution, etc. | Pune |
| Date of publication, distribution, etc. | 2019 |
No items available.